000 00850nam a2200265 a 4500
001 000010706
003 DO-SdBNP
005 20251120073732.0
007 ta
008 091009s1979 dr 000 0 spa d
040 _aDO-SdBNP
_bspa
_cBNPHU
082 4 _222
_a511.3
_bS129n
100 1 _aSagredo, Amarilis
_925915
245 1 0 _aNociones de lógica simbólica /
_cAmarilis Sagredo, Eduardo Luna.
260 _aSantiago, República Dominicana :
_bUCMM,
_c1979.
300 _a104 p. ;
_c24 cm.
490 1 _aTextos
590 _aInventariado, 2018/BT
650 1 4 _aLógica simbólica y matemática
_xProblemas, ejercicios, etc.
_925916
700 1 2 _aLuna, Eduardo
_925917
710 2 _aPontificia Universidad Católica Madre y Maestra
_9843
830 0 _aTextos
_914460
910 _aValidado. Control de calidad. MMOLINA
942 _2ddc
_cLBS1
999 _c10461
_d10461